| 000 | 00889cam a2200289 4500 | ||
|---|---|---|---|
| 001 | J91637 | ||
| 008 | 090401t1998 xxu||||| |||| 00| 0 eng d | ||
| 035 | _a(Sirsi) u86127 | ||
| 041 | _aeng | ||
| 050 | _a711.552 | ||
| 245 | _aGoing shopping 1998/99. | ||
| 260 |
_aLondon _bWeatherall Green & Smith _c1998 |
||
| 260 |
_aHazelmere, Buckinghamshire _bTW Research Associates _c1998 |
||
| 300 | _av,140p. : ill. ; 30cm. | ||
| 350 | _a175 | ||
| 520 | _aThe UK shopping centre review produced in conjunction with Weatherall Green & Smith. NOT FOR LOAN. | ||
| 650 | _aDIRECTORIES | ||
| 650 | _aFACTORY OUTLET CENTRES | ||
| 650 | _aRANKINGS | ||
| 650 | _aSHOPPING CENTRES | ||
| 650 | _aSHOPPING PARKS | ||
| 690 | _aPROPERTY-COMMERCIAL PROPERTY-RETAIL PROPERTY | ||
| 700 |
_aWood, Trevor _xEditor |
||
| 710 |
_aT W Research Associates _93658 |
||
| 942 | _n0 | ||
| 948 | _c12/05/1998 | ||
| 999 |
_c97110 _d97110 |
||